Normal view MARC view
  • Pruebas de la personalidad

Entry Materia

Number of records used in: 65

001 - NÚMERO DE CONTROL DEL REGISTRO

  • campo de control: 43

003 - IDENTIFICADOR DE NUMERO DE CONTROL

  • campo de control: MX-MxUPN

005 - FECHA Y HORA DE LA ÚLTIMA TRANSACCIÓN

  • campo de control: 20231124094947.0

008 - DATOS DE LONGITUD FIJA

  • campo de control de longitud fija: 220906nn fnnnnbaba a ana |d

035 ## - NÚMERO DE CONTROL DEL SISTEMA

  • Número de control del sistema: UPN10000000043

040 ## - FUENTE DE LA CATALOGACIÓN

  • Centro catalogador de origen: MX-MxUPN
  • Lengua de catalogación: spa

053 #4 - NÚMERO CLASIFICADOR - BIBLIOTECA DEL CONGRESO (LC)

  • Elemento numérico de la clasificación - Número único o no. inicial del rango: BF698.5

150 ## - ENCABEZAMIENTO - TEMÁTICO

  • Término de materia o nombre geográfico como elemento inicial: Pruebas de la personalidad

450 ## - VÉASE - MATERIA

  • Encabezamiento temático: Personalidad
  • Subdivisión temática general: Pruebas

450 ## - VÉASE - MATERIA

  • Encabezamiento temático: Pruebas de personalidad

450 ## - VÉASE - MATERIA

  • Encabezamiento temático: Tests de personalidad

450 ## - VÉASE - MATERIA

  • Encabezamiento temático: Tests de la personalidad

670 ## - FUENTE EN LA QUE SE LOCALIZARON DATOS

  • Cita de la fuente: Autoridades Librunam, 24 noviembre 2023:
  • Información localizada: (Pruebas de la personalidad)

902 ## - CATALOGADOR

  • Catalogador: MMA/130203
  • Catalogador: Víctor Ruiz/241123